|
|
|
|
| LEADER |
00000nab a2200000 a 4500 |
| 001 |
vtls008153809 |
| 003 |
SK-MaSNL |
| 005 |
20260426072038.0 |
| 008 |
140301c20050411xo dr|n|||||||000 b|slo |
| 015 |
|
|
|a SNBRB2005/05
|2 snkbucl
|
| 038 |
|
|
|a SNKBUCL
|
| 040 |
|
|
|a SNKBUCL
|b slo
|c SNKBUCL
|e AACR2
|
| 041 |
0 |
|
|a slo
|
| 044 |
|
|
|a xo
|c SK
|
| 080 |
|
|
|a 338.5:662.7:339.137.2
|x (437.6)
|2 1997
|
| 080 |
|
|
|a 662.7
|2 1997
|
| 080 |
|
|
|a 339.137.2
|x (437.6)
|2 1997
|
| 100 |
1 |
|
|a Vechter, Juraj
|4 ivr
|4 aut
|9 701576
|
| 245 |
1 |
0 |
|a Ceny palív: Regulácia je tým posledným riešením
|b HN hovoria s predsedníčkou Protimonopolného úradu Danicou Paroulkovou
|c [zhováral sa] Juraj Vechter
|
| 300 |
|
|
|b Fotogr.
|
| 610 |
1 |
7 |
|a Slovensko.
|b Protimonopolný úrad
|2 snkbucl
|9 32109
|
| 650 |
0 |
7 |
|a monopoly
|2 snkbucl
|9 20524
|
| 650 |
0 |
7 |
|a ceny
|2 snkbucl
|9 2113
|
| 650 |
0 |
7 |
|a cenová politika
|2 snkbucl
|9 2111
|
| 650 |
0 |
7 |
|a palivá
|2 snkbucl
|9 20464
|
| 650 |
0 |
7 |
|a cenová kontrola
|2 snkbucl
|9 1078091
|
| 651 |
|
7 |
|a Slovensko
|2 snkbucl
|9 14231
|
| 700 |
1 |
|
|a Paroulková, Danica
|4 ive
|9 841464
|
| 773 |
0 |
|
|t Hospodárske noviny
|g Roč. XIII., č. 68 (11.4.2005), s. [1] a 4
|x 1335-4701
|
| 852 |
|
|
|a SNK
|b KIS3GCP
|
| 999 |
|
|
|c 2684618
|d 2686548
|